Logo BPK

Biblioteka

Politechniki Koszalińskiej

Przekształtnikowe układy wytwarzania energii elektrycznej z silnikiem spalinowym o regulowanej prędkości / (Rekord nr 40636)

Szczegóły MARC
000 -ETYKIETA REKORDU
podpole kontrolne o stałej długości 00933nam a2200241 i 4500
001 - NUMER KONTROLNY REKORDU
pole kontrolne bg
040 ## - ŹRÓDŁO KATALOGOWANIA
Instytucja, która utworzyła rekord BPK
041 0# - KOD JĘZYKA
Kod języka tekstu pl
Kod języka streszczenia lub abstraktu en
080 ## - UNIWERSALNA KLASYFIKACJA DZIESIĘTNA - UKD
UKD 621.313.2/.3-83:621.314
008 - POLE O STAŁEJ DŁUGOŚCI - DANE KONTROLNE
podpole kontrolne o stałej długości s pl f |000 0 pol
100 1# - NAZWA OSOBOWA
Nazwa osobowa GRZESIAK, Lech M.
245 10 - TYTUŁ/ODPOWIEDZIALNOŚĆ
Tytuł Przekształtnikowe układy wytwarzania energii elektrycznej z silnikiem spalinowym o regulowanej prędkości /
Pozostałe elementy strefy tytułu i oznaczenia odpowiedzialności Lech M. Grzesiak.
260 ## - STREFA ADRESU WYDAWNICZEGO
Miejsce wydania Warszawa :
Nazwa wydawcy/dystrybutora Oficyna Wydawnicza PW,
Data publikacji, dystrybucji/powstania dokumentu 2001.
300 ## - STREFA OPISU FIZYCZNEGO
Objętość 74, [1] s. :
Inne cechy fizyczne rys., wykr. ;
Rozmiary 24 cm.
490 1# - STREFA SERII I DOKUMENTU WIELOCZĘŚCIOWEGO - FORMA NIE DO WYSZUKIWANIA
Tytuł i oznaczenie odpowiedzialności serii Prace Naukowe / Politechnika Warszawska. Elektryka,
ISSN 0137-2319 ;
Numeracja w obrębie serii z. 115
500 ## - UWAGI OGÓLNE
Tekst uwagi W nagł. nazwa serii: Prace Naukowe Politechniki Warszawskiej. - Opis wg nagł. - Streszcz. ang.
504 ## - UWAGA DOTYCZĄCA BIBLIOGRAFII
Informacje o bibliografii Bibliogr.
650 #9 - HASŁO PRZEDMIOTOWE W FORMIE NAZWY OGÓLNEJ LUB JEDNOSTKOWEJ
Nazwa ogólna lub geograficzna Przekształtniki
Określnik ogólny badanie
650 #9 - HASŁO PRZEDMIOTOWE W FORMIE NAZWY OGÓLNEJ LUB JEDNOSTKOWEJ
Nazwa ogólna lub geograficzna Energia elektryczna
650 #9 - HASŁO PRZEDMIOTOWE W FORMIE NAZWY OGÓLNEJ LUB JEDNOSTKOWEJ
Nazwa ogólna lub geograficzna Silniki spalinowe
830 #0 - HASŁO DODATKOWE SERII LUB DOKUMENTU WIELOCZĘŚCIOWEGO - TYTUŁ UJEDNOLICONY
Tytuł ujednolicony Prace Naukowe (Politechnika Warszawska).
Nazwa części/sekcji dzieła Elektryka ;
Oznaczenie tomu z. 115
856 ## - LOKALIZACJA I DOSTĘP DO ELEKTRONICZNYCH DOKUMENTÓW ZDALNYCH
Link (URL) http://koha.tu.koszalin.pl/cgi-bin/koha/opac-detail.pl?biblionumber=40636
Tekst linku Katalog online BPK
942 ## - DODATKOWE ELEMENTY (KOHA)
Typ dokumentu Książka
Egzemplarze
Wycofany Status egzemplarza Uszkodzony Dostępność Lokalizacja stała Lokalizacja bieżąca Miejsce przechowywania Sygnatura Kod kreskowy Typ dokumentu
      Dostępny Biblioteka Politechniki Koszalińskiej Biblioteka Politechniki Koszalińskiej Wypożyczalnia BG 62100 01646177 Książka
© 2023 Biblioteka Politechniki Koszalińskiej :: KOHA